| 000 | 00638nam a22001817a 4500 | ||
|---|---|---|---|
| 005 | 20241211110422.0 | ||
| 010 | _aDEC24SC ENG-142914 | ||
| 020 |
_a9789355015044 _c495.00 |
||
| 035 | _aEN-126446 | ||
| 082 |
_a954 _21 |
||
| 100 |
_aShukla, Ajay _974944 |
||
| 245 |
_aThe Making of Modern India: _bFrom 1498 to the Modern Times/ _cby Ajay Shukla |
||
| 250 | _a1 | ||
| 260 |
_aNew Delhi _bS Chand and Company Limited _c2023 |
||
| 270 |
_a A-27, 2nd Floor, Mohan Co-operative Industrial Estate _bNew Delhi _e110044 _minfo@schandpublishing.com _k011-49731800 |
||
| 300 |
_a438p. _c23cm(pb) |
||
| 942 |
_2ddc _cEN _h954 _mSHU _e1 |
||
| 999 |
_c207518 _d207518 |
||